The economic consequences of the peace / (Record no. 86542)

MARC details
000 -LEADER
campo de control de longitud fija 00593nam a2200193 i 4500
001 - NÚMERO DE CONTROL
campo de control 86542
003 - IDENTIFICADOR DE NÚMERO DE CONTROL
campo de control ES-MaACL
005 - FECHA Y HORA DE LA ÚLTIMA TRANSACCIÓN
campo de control 20230906175454.0
007 - CAMPO FIJO DE DESCRIPCIÓN FÍSICA--INFORMACIÓN GENERAL
campo de control de longitud fija t|
008 - DATOS DE LONGITUD FIJA--INFORMACIÓN GENERAL
campo de control de longitud fija 041213s1920 xxk ||||1| eng d
100 1# - ENTRADA PRINCIPAL--NOMBRE DE PERSONA
Nombre de persona Keynes, John Maynard (
Fechas asociadas al nombre 1883-1946)
9 (RLIN) 67979
245 14 - MENCIÓN DEL TÍTULO
Título The economic consequences of the peace /
Mención de responsabilidad, etc. John Maynard Keynes.
260 ## - PUBLICACIÓN, DISTRIBUCIÓN, ETC.
Lugar de publicación, distribución, etc. London :
Nombre del editor, distribuidor, etc. Macmillan and Cº,
Fecha de publicación, distribución, etc. 1920.
300 ## - DESCRIPCIÓN FÍSICA
Extensión 279 p. ;
Dimensiones 22 cm.
630 04 - PUNTO DE ACCESO ADICIONAL DE MATERIA--TÍTULO UNIFORME
Título uniforme Tratado de Versalles (
Fecha de la firma de un tratado 1919)
9 (RLIN) 155228
650 04 - PUNTO DE ACCESO ADICIONAL DE MATERIA--TÉRMINO DE MATERIA
Término de materia o nombre geográfico como elemento de entrada Historia económica-
Subdivisión cronológica 1918-1945.
9 (RLIN) 13404
852 ## - LOCALIZACIÓN
Ubicación ES-MaACL
Número de control de estantería F-2137
852 ## - LOCALIZACIÓN
Ubicación ES-MaACL
Número de control de estantería F-4663
Holdings
Estatus retirado Estado de pérdida Estado de daño No para préstamo Biblioteca de origen Biblioteca actual Ubicación en estantería Fecha de adquisición Fuente de adquisición Total de préstamos Signatura topográfica completa Código de barras Visto por última vez Precio de reemplazo Tipo de ítem Koha
        Biblioteca del Ateneo de Madrid Biblioteca del Ateneo de Madrid Depósito 2 17/01/2008     F-4663 1090418 23/02/2023 23/02/2023 Libro impreso
        Biblioteca del Ateneo de Madrid Biblioteca del Ateneo de Madrid Depósito 2 17/01/2008     F-2137 1090417 23/02/2023 23/02/2023 Libro impreso